000 00277nam a22001217a 4500
008 160506b xxu||||| |||| 00| 0 eng d
020 _a9780878915606
020 _a0878915605
041 _aeng
080 _a61
245 _aGenetics:
_cDr. M. Fogiel Director;
942 _2udc
_cBK
999 _c1869
_d1869